| 000 | 00631nam a22002297a 4500 | ||
|---|---|---|---|
| 001 | 00260 | ||
| 003 | DO-SdBNP | ||
| 005 | 20171213103031.0 | ||
| 008 | 151127b xxu||||| |||| 00| 0 spa d | ||
| 040 |
_aBPMSU _bspa _cBPMSU |
||
| 092 |
_axxxxx _bxxxxx |
||
| 100 | 1 | _aYunque, Álvaro | |
| 245 | 1 | 0 |
_aLas alas de las mariposa / _cÁlvaro Yunque |
| 260 |
_aCiudad de La Habana, Cuba : _bGente Nueva, _31990. |
||
| 300 |
_a72 p. : _bil. ; _c19 cm. |
||
| 490 | 1 | _aBiblioteca juvenil | |
| 830 | 0 | _aBiblioteca juvenil | |
| 910 | _a00260 | ||
| 942 |
_2ddc _cBK |
||
| 945 | _ainventariado extranjero / DG | ||
| 956 |
_aLorenza Pérez _b10 |
||
| 999 |
_c8948 _d8948 |
||